Patent activity and technical change in US industries /

Bibliographic Details
Main Author: McAleer, Michael
Other Authors: Slottje, Daniel Jonathan, 1957-, Wee, Pei Syn
Format: Book
Language:English
Published: Amsterdam : Elsevier, 2005.
Edition:1st ed.
Series:Contributions to economic analysis ; 272.
Subjects:

MARC

Tag First Indicator Second Indicator Subfields
LEADER 00000cam a2200000Ia 4500
001 in00002063721
005 20151101191630.0
008 050502s2005 ne a b 001 0 eng d
020 |a 0444518584 (hd.bd.) 
035 |a (OCoLC)ocm60116622 
040 |a OHX  |c OHX  |d NTE  |d TXA  |d UtOrBLW 
049 |a TXAM 
072 7 |a HD  |2 lcco 
090 |a HC110.T4  |b M335 2005 
100 1 |a McAleer, Michael. 
245 1 0 |a Patent activity and technical change in US industries /  |c by Michael McAleer, Daniel Slottje with Pei Syn Wee. 
250 |a 1st ed. 
264 1 |a Amsterdam :  |b Elsevier,  |c 2005. 
300 |a xx, 221 pages :  |b many figures, tables ;  |c 24 cm. 
336 |a text  |b txt  |2 rdacontent 
337 |a unmediated  |b n  |2 rdamedia 
338 |a volume  |b nc  |2 rdacarrier 
490 1 |a Contributions to economic analysis,  |x 0573-8555 ;  |v 272 
504 |a Includes bibliographical references (pages [195]-198) and index. 
650 0 |a Technological innovations  |x Economic aspects  |z United States. 
650 0 |a Patent practice  |x Economic aspects  |z United States. 
700 1 |a Slottje, Daniel Jonathan,  |d 1957- 
700 1 |a Wee, Pei Syn. 
830 0 |a Contributions to economic analysis ;  |v 272. 
938 |a Otto Harrassowitz  |b HARR  |n har055007040  |c 95.00 EUR 
994 |a C0  |b TXA 
948 |a cataloged  |b h  |c 2005/7/15  |d c  |e blrosas  |f 12:09:25 pm 
999 |a MARS 
999 f f |s d4b88bd3-f609-3556-bcc5-80487ac1ee31  |i 9d09a6e8-b519-3a2c-becc-44897e9943ec  |t 0 
952 f f |p ric  |a Texas A&M University  |b Rellis Campus  |c Joint Library Facility  |d Remote Storage  |t 0  |e HC110.T4 M335 2005  |h Library of Congress classification  |i unmediated -- volume  |m A14832792630 
998 f f |a HC110.T4 M335 2005  |t 0  |l Remote Storage